[Event "XtraCon-Skakligaen"]
[Site "Denmark"]
[Date "2009.02.22"]
[Round "7.3"]
[White "Greger, Roland Reinhard"]
[Black "Meyer, Lars August"]
[Result "1-0"]
[WhiteElo "2385"]
[BlackElo "2270"]
[PlyCount "61"]
[EventDate "2008.11.01"]
[EventType "team-tourn"]
[EventRounds "9"]
[EventCountry "DEN"]
[WhiteTeam "K41"]
[BlackTeam "Aalborg"]
[WhiteTeamCountry "DEN"]
[BlackTeamCountry "DEN"]

1. e4 c5 2. Nf3 Nc6 3. c3 e6 4. d4 d5 5. e5 Qb6 6. a3 a5 7. Bd3 Bd7 8. O-O cxd4
9. cxd4 Nxd4 10. Nxd4 Qxd4 11. Nc3 Ne7 12. Nb5 Qxe5 13. Re1 Qb8 14. Qf3 f6 15.
Bf4 e5 16. Rac1 Bc6 17. Bg3 h5 18. h4 Qd8 19. Bxe5 fxe5 20. Rxe5 Rh6 21. Rce1
Qb6 22. Rf5 O-O-O 23. Rxf8 Bxb5 24. Rxd8+ Qxd8 25. Bxb5 Rf6 26. Qxh5 d4 27.
Qg4+ Kb8 28. Qxg7 Nf5 29. Qg5 Qd6 30. Bd3 Ne7 31. Qe5 1-0

[Event "XtraCon-Skakligaen"]
[Site "Denmark"]
[Date "2009.02.22"]
[Round "7.4"]
[White "Pedersen, Daniel Vesterbaek"]
[Black "Olesen, Martin"]
[Result "1-0"]
[WhiteElo "2234"]
[BlackElo "2312"]
[PlyCount "81"]
[EventDate "2008.11.01"]
[EventType "team-tourn"]
[EventRounds "9"]
[EventCountry "DEN"]
[WhiteTeam "Aalborg"]
[BlackTeam "K41"]
[WhiteTeamCountry "DEN"]
[BlackTeamCountry "DEN"]

1. e4 g6 2. d4 Bg7 3. Nc3 d6 4. Be3 a6 5. f4 Nd7 6. Nf3 e6 7. e5 b6 8. exd6
cxd6 9. d5 e5 10. Be2 Nh6 11. fxe5 dxe5 12. d6 Bb7 13. Nd5 O-O 14. Nc7 Nf5 15.
Bg5 Bf6 16. Bxf6 Qxf6 17. Nxa8 e4 18. O-O Ne3 19. Qd4 Nxf1 20. Qxf6 Nxf6 21.
Nxb6 Ne3 22. Ne5 Rd8 23. d7 Ned5 24. Nxd5 Nxd5 25. Bc4 Kg7 26. Rd1 Nb6 27. Rd6
Nxc4 28. Nxc4 Kf8 29. Na5 Ba8 30. Rxa6 Ke7 31. Ra7 Bd5 32. c4 Ra8 33. cxd5 Rxa7
34. Nc6+ Kxd7 35. Nxa7 Kd6 36. Nb5+ Kxd5 37. Nc3+ Kd4 38. a4 f5 39. Kf2 e3+ 40.
Ke2 f4 41. a5 1-0

[Event "XtraCon-Skakligaen"]
[Site "Denmark"]
[Date "2009.02.22"]
[Round "7.6"]
[White "Nielsen, Jorgen G"]
[Black "Laursen, Niels Norskov"]
[Result "1/2-1/2"]
[WhiteElo "2159"]
[BlackElo "2188"]
[PlyCount "101"]
[EventDate "2008.11.01"]
[EventType "team-tourn"]
[EventRounds "9"]
[EventCountry "DEN"]
[WhiteTeam "Aalborg"]
[BlackTeam "K41"]
[WhiteTeamCountry "DEN"]
[BlackTeamCountry "DEN"]

1. d4 Nf6 2. c4 c5 3. e3 g6 4. Nc3 Bg7 5. Nf3 O-O 6. Be2 cxd4 7. exd4 d5 8. O-O
Nc6 9. Ne5 Be6 10. Nxc6 bxc6 11. c5 Bf5 12. g4 Bc8 13. Be3 Rb8 14. Rb1 Nd7 15.
f4 Nxc5 16. dxc5 d4 17. Bd2 dxc3 18. Bxc3 Bxc3 19. Qxd8 Rxd8 20. bxc3 Be6 21.
Bf3 Rxb1 22. Rxb1 Bxa2 23. Rb7 Bd5 24. Kf2 Bxf3 25. Kxf3 Rd5 26. Rxa7 Rxc5 27.
Rxe7 Rxc3+ 28. Ke4 Rc2 29. Rc7 Kg7 30. g5 Rc4+ 31. Ke5 Rc5+ 32. Ke4 Rc4+ 33.
Ke5 Rc1 34. Ke4 Re1+ 35. Kf3 Rf1+ 36. Kg4 Rc1 37. h4 Rg1+ 38. Kf3 Rc1 39. Ke4
Rc4+ 40. Ke5 Rc5+ 41. Ke4 Rc1 42. Rc8 h5 43. Rc7 Rc4+ 44. Ke5 Rc5+ 45. Ke4 Kf8
46. Kd4 Rf5 47. Ke4 c5 48. Ra7 Ke8 49. Rb7 Kd8 50. Ra7 Kc8 51. Ke3 1/2-1/2

[Event "XtraCon-Skakligaen"]
[Site "Denmark"]
[Date "2009.02.22"]
[Round "7.7"]
[White "Andreasen, Joan Hendrik"]
[Black "Sonderstrup, Bjarne"]
[Result "1-0"]
[WhiteElo "2179"]
[BlackElo "2059"]
[PlyCount "140"]
[EventDate "2008.11.01"]
[EventType "team-tourn"]
[EventRounds "9"]
[EventCountry "DEN"]
[WhiteTeam "K41"]
[BlackTeam "Aalborg"]
[WhiteTeamCountry "DEN"]
[BlackTeamCountry "DEN"]

1. d4 Nf6 2. c4 e6 3. Nc3 Bb4 4. g3 O-O 5. Bg2 d5 6. Nf3 c5 7. cxd5 exd5 8. O-O
Nc6 9. Bg5 Be6 10. dxc5 Bxc5 11. Qa4 h6 12. Bf4 a6 13. Rac1 Qb6 14. Qc2 Be7 15.
Rfd1 Rac8 16. Qd3 Rfd8 17. Na4 Qa5 18. b3 Ba3 19. Bd2 Qb5 20. Rc2 Qxd3 21. exd3
Nb4 22. Bxb4 Bxb4 23. Rdc1 b5 24. Rxc8 Rxc8 25. Rxc8+ Bxc8 26. Nb6 Be6 27. Ne5
Kf8 28. Nc6 Bc3 29. Kf1 Ke8 30. Ke2 Bg4+ 31. Bf3 Bxf3+ 32. Kxf3 g5 33. Ke2 Bb2
34. Nb4 Ke7 35. N6xd5+ Nxd5 36. Nxd5+ Kd6 37. Ne3 Ke5 38. Kd2 h5 39. Nc2 Kd5
40. Nb4+ Kd4 41. Kc2 Ba3 42. Nxa6 Bd6 43. b4 h4 44. Kd2 f5 45. Nc5 hxg3 46.
hxg3 Be7 47. a3 Bf6 48. Kc2 Kd5 49. Nb3 g4 50. Nd2 Be5 51. Nf1 f4 52. gxf4 Bxf4
53. Ng3 Be5 54. Nf5 Bf4 55. Ng3 Be5 56. Ne4 Bd4 57. Nc3+ Kc6 58. Ne4 Kd5 59.
Kb3 Ke5 60. a4 bxa4+ 61. Kxa4 Kf4 62. b5 Kf3 63. Kb3 Ke2 64. Kc4 Bb6 65. d4 Kf3
66. Kd3 Bd8 67. d5 Bb6 68. d6 Kf4 69. d7 Ke5 70. Nc3 Ke6 1-0

[Event "XtraCon-Skakligaen"]
[Site "Denmark"]
[Date "2009.02.22"]
[Round "7.8"]
[White "Lysberg, Jan Peter"]
[Black "Ottesen, Peder"]
[Result "0-1"]
[WhiteElo "1905"]
[BlackElo "2021"]
[PlyCount "77"]
[EventDate "2008.11.01"]
[EventType "team-tourn"]
[EventRounds "9"]
[EventCountry "DEN"]
[WhiteTeam "Aalborg"]
[BlackTeam "K41"]
[WhiteTeamCountry "DEN"]
[BlackTeamCountry "DEN"]

1. d4 d5 2. Nf3 Nf6 3. Bf4 Bf5 4. e3 e6 5. Bd3 Bg6 6. Ne5 Bxd3 7. Qxd3 c6 8.
Nd2 Be7 9. h3 O-O 10. O-O Nbd7 11. c4 dxc4 12. Ndxc4 Nd5 13. Bg3 N7f6 14. Rfd1
Rc8 15. a3 b5 16. Nd2 Qb6 17. Ne4 Rfd8 18. Ng5 Rf8 19. Ngxf7 Rxf7 20. Nxf7 Kxf7
21. e4 Nc7 22. e5 Ng8 23. Qxh7 Nh6 24. Bf4 Nf5 25. g4 Nxd4 26. Be3 Nf3+ 27. Kg2
Nh4+ 28. Kf1 Qb8 29. Rd7 Ng6 30. Bh6 Rg8 31. Rd3 Nxe5 32. Bxg7 Rxg7 33. Qh5+
Ng6 34. Re1 Nd5 35. g5 Kg8 36. Qd1 Qh2 37. Rxe6 Qh1+ 38. Ke2 Ngf4+ 39. Kd2 0-1

[Event "XtraCon-Skakligaen"]
[Site "Denmark"]
[Date "2009.02.22"]
[Round "7.1"]
[White "Rasmussen, Allan Stig"]
[Black "Rasmussen, Karsten"]
[Result "1-0"]
[WhiteElo "2501"]
[BlackElo "2466"]
[PlyCount "113"]
[EventDate "2008.11.01"]
[EventType "team-tourn"]
[EventRounds "9"]
[EventCountry "DEN"]
[WhiteTeam "Jetsmark"]
[BlackTeam "Aarhus/Skolerne"]
[WhiteTeamCountry "DEN"]
[BlackTeamCountry "DEN"]

1. d4 d5 2. c4 c6 3. Nf3 Nf6 4. e3 Bf5 5. Nc3 e6 6. Nh4 Be4 7. f3 Bg6 8. Qb3
Qb6 9. Bd2 Qxb3 10. axb3 Bc2 11. e4 Bxb3 12. cxd5 exd5 13. Bf4 Bb4 14. Bxb8
Rxb8 15. e5 Nd7 16. Rxa7 Nxe5 17. Nf5 g6 18. Ne3 Nc4 19. Bxc4 dxc4 20. Kf2 O-O
21. g4 Rfd8 22. Ne2 Be7 23. h4 Bf6 24. g5 Bg7 25. Rc1 b5 26. Ng4 Ra8 27. Rca1
Ba4 28. Rb7 Rdb8 29. Rxb8+ Rxb8 30. f4 Bc2 31. Ne5 Be4 32. Nc3 Bxe5 33. fxe5
Bf5 34. Ra6 b4 35. Na4 Bc2 36. Ke3 Kg7 37. Kd2 Be4 38. Rb6 Rd8 39. Rxb4 Bd5 40.
Nb6 h6 41. Nxd5 Rxd5 42. Rxc4 c5 43. b4 cxb4 44. Rxb4 hxg5 45. hxg5 Kf8 46. Kd3
Ra5 47. Kc4 Ra1 48. d5 Rg1 49. Rb8+ Ke7 50. Rb7+ Ke8 51. Kc5 Rxg5 52. Kd6 Kf8
53. e6 fxe6 54. dxe6 Rg1 55. Rb8+ Kg7 56. e7 Rd1+ 57. Kc5 1-0

[Event "XtraCon-Skakligaen"]
[Site "Denmark"]
[Date "2009.02.22"]
[Round "7.2"]
[White "Sorensen, Jan"]
[Black "Pedersen, Christian Kyndel"]
[Result "0-1"]
[WhiteElo "2439"]
[BlackElo "2426"]
[PlyCount "146"]
[EventDate "2008.11.01"]
[EventType "team-tourn"]
[EventRounds "9"]
[EventCountry "DEN"]
[WhiteTeam "Aarhus/Skolerne"]
[BlackTeam "Jetsmark"]
[WhiteTeamCountry "DEN"]
[BlackTeamCountry "DEN"]

1. e4 c5 2. b3 b6 3. Bb2 Bb7 4. Nc3 e6 5. Nf3 d6 6. d4 cxd4 7. Qxd4 Nf6 8.
O-O-O Nbd7 9. e5 Bxf3 10. gxf3 Nxe5 11. Ne4 Ned7 12. Nxd6+ Bxd6 13. Qxd6 Qe7
14. Qg3 Rg8 15. Qh4 Qc5 16. Rg1 O-O-O 17. Qa4 Qc7 18. Ba6+ Kb8 19. b4 Nd5 20.
c4 N5f6 21. Qb5 Ka8 22. Rd3 Nb8 23. Be5 Qe7 24. Bxb8 Rxd3 25. Be5 Qd7 26. Bxf6
Qxb5 27. Bxb5 Kb7 28. Rxg7 Rxg7 29. Bxg7 Rxf3 30. Bd4 a6 31. Be8 Rf4 32. Be3
Rxc4+ 33. Kd2 f5 34. Kd3 Rxb4 35. Bf7 e5 36. Bd5+ Kc7 37. Bg2 Kd6 38. Bd2 Ra4
39. Kc3 Rxa2 40. Be3 b5 41. Kb3 Ra4 42. Bb7 Kc7 43. Bg2 Rh4 44. h3 a5 45. Bg5
Rb4+ 46. Ka3 Rc4 47. h4 Rc3+ 48. Kb2 b4 49. Be7 Kd7 50. Bf8 Rc4 51. h5 Rh4 52.
h6 Rh2 53. Bd5 Rxf2+ 54. Kb3 e4 55. Bc5 Rh2 56. Ka4 Rh5 57. Bf7 Rxh6 58. Kxa5
f4 59. Kxb4 e3 60. Bc4 Rh2 61. Kc3 e2 62. Kd2 f3 63. Bb4 Rh4 64. Bb5+ Ke6 65.
Bc3 Rh1 66. Bxe2 Rh2 67. Ke3 fxe2 68. Be1 Kf5 69. Bf2 Kg4 70. Kxe2 Rh1 71. Be1
Kh3 72. Kf2 Rxe1 73. Kxe1 Kg2 0-1

[Event "XtraCon-Skakligaen"]
[Site "Denmark"]
[Date "2009.02.22"]
[Round "7.3"]
[White "Christensen, Stefan"]
[Black "Skytte, Rasmus"]
[Result "1/2-1/2"]
[WhiteElo "2319"]
[BlackElo "2384"]
[PlyCount "124"]
[EventDate "2008.11.01"]
[EventType "team-tourn"]
[EventRounds "9"]
[EventCountry "DEN"]
[WhiteTeam "Jetsmark"]
[BlackTeam "Aarhus/Skolerne"]
[WhiteTeamCountry "DEN"]
[BlackTeamCountry "DEN"]

1. e4 c5 2. c3 d5 3. exd5 Qxd5 4. d4 Nf6 5. Nf3 Nc6 6. Be3 e6 7. a3 cxd4 8.
cxd4 Be7 9. Nc3 Qd6 10. Bd3 O-O 11. Qc2 Bd7 12. O-O Rac8 13. Qe2 Rfe8 14. Rad1
a6 15. Rfe1 b5 16. Ne4 Nxe4 17. Bxe4 Bf6 18. Ng5 Bxg5 19. Bxg5 Ne7 20. Bb1 Bc6
21. Qh5 Ng6 22. Re3 Qd5 23. Be4 Qxe4 24. Rxe4 Bxe4 25. Qg4 Bc2 26. Re1 f6 27.
Be3 Kf7 28. Qf3 Re7 29. d5 Bb3 30. dxe6+ Bxe6 31. Bd4 Rc4 32. Bc3 Nh4 33. Qh5+
Ng6 34. h3 Rd7 35. g3 Rd5 36. Qe2 Rc6 37. Kh2 h5 38. Rd1 Rxd1 39. Qxd1 h4 40.
Qf3 hxg3+ 41. fxg3 Rd6 42. h4 Rd5 43. Qe3 Ne5 44. Bxe5 fxe5 45. Qg5 e4 46. Qf4+
Rf5 47. Qxe4 Rf2+ 48. Kg1 Rxb2 49. h5 Ba2 50. Qg6+ Kf8 51. h6 Rb1+ 52. Kf2 gxh6
53. Qxh6+ Kg8 54. Qxa6 Rb2+ 55. Ke3 Bf7 56. Kf4 b4 57. axb4 Rxb4+ 58. Kg5 Rb1
59. g4 Re1 60. Kf5 Re6 61. Qc8+ Kg7 62. g5 Rg6 1/2-1/2

[Event "XtraCon-Skakligaen"]
[Site "Denmark"]
[Date "2009.02.22"]
[Round "7.4"]
[White "Pedersen, Jan"]
[Black "Bkgaard, Martin"]
[Result "1/2-1/2"]
[WhiteElo "2397"]
[BlackElo "2272"]
[PlyCount "82"]
[EventDate "2008.11.01"]
[EventType "team-tourn"]
[EventRounds "9"]
[EventCountry "DEN"]
[WhiteTeam "Aarhus/Skolerne"]
[BlackTeam "Jetsmark"]
[WhiteTeamCountry "DEN"]
[BlackTeamCountry "DEN"]

1. g3 d5 2. Bg2 Nf6 3. Nf3 e6 4. O-O Be7 5. d3 O-O 6. Nbd2 c5 7. e4 Nc6 8. Re1
b5 9. exd5 exd5 10. d4 Qb6 11. h3 Bb7 12. Nb3 c4 13. Nc5 Bxc5 14. dxc5 Qxc5 15.
Be3 Qd6 16. Nd4 a6 17. Nxc6 Qxc6 18. Qd4 Rfe8 19. c3 Ne4 20. Kh2 Qg6 21. Bf4 h5
22. Re2 Qf6 23. Qxf6 Nxf6 24. Rae1 Rxe2 25. Rxe2 Re8 26. Rxe8+ Nxe8 27. g4 hxg4
28. hxg4 Kf8 29. Kg3 Ke7 30. g5 Nd6 31. Bxd6+ Kxd6 32. Kf4 Bc6 33. Bh3 a5 34.
a3 Kc5 35. Ke5 b4 36. axb4+ axb4 37. f4 bxc3 38. bxc3 f6+ 39. gxf6 gxf6+ 40.
Kxf6 d4 41. cxd4+ Kxd4 1/2-1/2

[Event "XtraCon-Skakligaen"]
[Site "Denmark"]
[Date "2009.02.22"]
[Round "7.5"]
[White "Helledie, Anders"]
[Black "Rasmussen, Casper Dahl"]
[Result "1/2-1/2"]
[WhiteElo "2215"]
[BlackElo "2382"]
[PlyCount "103"]
[EventDate "2008.11.01"]
[EventType "team-tourn"]
[EventRounds "9"]
[EventCountry "DEN"]
[WhiteTeam "Jetsmark"]
[BlackTeam "Aarhus/Skolerne"]
[WhiteTeamCountry "DEN"]
[BlackTeamCountry "DEN"]

1. e4 e5 2. Bc4 Nc6 3. Nc3 Bc5 4. Qg4 g6 5. Qf3 Nf6 6. Nge2 O-O 7. d3 Na5 8.
Bh6 Re8 9. Nd5 Be7 10. Nxe7+ Qxe7 11. Nc3 c6 12. O-O b5 13. Bb3 d6 14. h3 a6
15. Bg5 Kg7 16. Qe3 Nxb3 17. axb3 Qe6 18. Qb6 Qd7 19. f4 Ng8 20. fxe5 dxe5 21.
Rf2 f6 22. Be3 Qb7 23. Qxb7+ Bxb7 24. b4 Bc8 25. Rff1 f5 26. exf5 gxf5 27. Rae1
Nf6 28. d4 e4 29. Bf4 Kg6 30. Re3 Bd7 31. Be5 Nh5 32. Kh2 a5 33. bxa5 Rxa5 34.
g4 Ng7 35. Bxg7 Kxg7 36. gxf5 b4 37. f6+ Kf8 38. Nxe4 Bf5 39. Rfe1 Bxe4 40.
Rxe4 Rxe4 41. Rxe4 Ra2 42. Re6 Rxb2 43. Rxc6 b3 44. Kg3 Rxc2 45. Rb6 b2 46. Kf4
Kf7 47. Ke4 Rd2 48. h4 h5 49. Ke5 Kg6 50. Ke4 Rh2 51. Ke5 Re2+ 52. Kf4 1/2-1/2

[Event "XtraCon-Skakligaen"]
[Site "Denmark"]
[Date "2009.02.22"]
[Round "7.6"]
[White "Christensen, Tobias"]
[Black "Wiwe, Andreas"]
[Result "1/2-1/2"]
[WhiteElo "2347"]
[BlackElo "2185"]
[PlyCount "85"]
[EventDate "2008.11.01"]
[EventType "team-tourn"]
[EventRounds "9"]
[EventCountry "DEN"]
[WhiteTeam "Aarhus/Skolerne"]
[BlackTeam "Jetsmark"]
[WhiteTeamCountry "DEN"]
[BlackTeamCountry "DEN"]

1. Nf3 f5 2. d3 Nc6 3. e4 d6 4. exf5 Bxf5 5. d4 e6 6. Bd3 Bxd3 7. Qxd3 Qd7 8.
Nc3 O-O-O 9. Bg5 Re8 10. O-O-O h6 11. Be3 g5 12. d5 exd5 13. Nxd5 Bg7 14. Qa3
Kb8 15. h4 g4 16. Nd4 a6 17. Qa4 Nf6 18. Nxf6 Bxf6 19. Nxc6+ Qxc6 20. Qxg4 Re4
21. Qf5 Rf8 22. Qd5 Qxd5 23. Rxd5 Bxh4 24. Rd2 Bg5 25. Bxg5 hxg5 26. Kd1 Rfe8
27. f3 R4e5 28. Rf2 Ra5 29. a3 Rd5+ 30. Kc1 b5 31. Rd1 Rde5 32. Rd4 Kb7 33. Kd2
a5 34. g3 R8e6 35. f4 gxf4 36. gxf4 Rf5 37. Rd3 Re4 38. Rdf3 d5 39. Kd3 Kb6 40.
c3 b4 41. axb4 axb4 42. Kc2 bxc3 43. bxc3 1/2-1/2

[Event "XtraCon-Skakligaen"]
[Site "Denmark"]
[Date "2009.02.22"]
[Round "7.7"]
[White "Jensen, Bjarke"]
[Black "Boe, Mads"]
[Result "0-1"]
[WhiteElo "2225"]
[BlackElo "2338"]
[PlyCount "118"]
[EventDate "2008.11.01"]
[EventType "team-tourn"]
[EventRounds "9"]
[EventCountry "DEN"]
[WhiteTeam "Jetsmark"]
[BlackTeam "Aarhus/Skolerne"]
[WhiteTeamCountry "DEN"]
[BlackTeamCountry "DEN"]

1. e4 c6 2. d4 d5 3. Nc3 dxe4 4. Nxe4 Nf6 5. Nxf6+ gxf6 6. c3 Bf5 7. Bc4 e6 8.
Ne2 Nd7 9. Ng3 Bg6 10. Qe2 Be7 11. Bh6 f5 12. Rd1 Nb6 13. Bb3 Bd6 14. f4 Bf8
15. Bg5 Be7 16. h4 h5 17. c4 f6 18. d5 Bb4+ 19. Kf1 Qe7 20. dxe6 fxg5 21. Qe5
Rh7 22. hxg5 Qg7 23. Qxg7 Rxg7 24. Nxh5 Bxh5 25. Rxh5 Ke7 26. Rh6 Rd8 27. Rxd8
Kxd8 28. Rf6 Bd2 29. Rxf5 Bc1 30. c5 Nd5 31. Bxd5 cxd5 32. Rxd5+ Kc7 33. f5
Bxg5 34. Rd3 Bf6 35. b4 Rg5 36. Rf3 Kc6 37. Kf2 Kd5 38. a4 a6 39. Rd3+ Kc4 40.
Rd7 Rxf5+ 41. Kg3 Kxb4 42. Rxb7+ Kxc5 43. Rf7 Kd6 44. Ra7 a5 45. Ra6+ Ke7 46.
Kg4 Rg5+ 47. Kf4 Rc5 48. Ke4 Bc3 49. Rb6 Re5+ 50. Kd3 Bb4 51. Kc4 Rg5 52. Rc6
Rxg2 53. Kb5 Rg5+ 54. Kb6 Re5 55. Rc2 Kxe6 56. Kc6 Re3 57. Rh2 Ke5 58. Kb5 Kd4
59. Rh5 Re5+ 0-1

[Event "XtraCon-Skakligaen"]
[Site "Denmark"]
[Date "2009.02.22"]
[Round "7.8"]
[White "Pedersen, Finn"]
[Black "Rathlev, Jakob"]
[Result "1-0"]
[WhiteElo "2312"]
[BlackElo "2172"]
[PlyCount "77"]
[EventDate "2008.11.01"]
[EventType "team-tourn"]
[EventRounds "9"]
[EventCountry "DEN"]
[WhiteTeam "Aarhus/Skolerne"]
[BlackTeam "Jetsmark"]
[WhiteTeamCountry "DEN"]
[BlackTeamCountry "DEN"]

1. Nf3 e6 2. g3 f5 3. d3 Nf6 4. Bg5 Be7 5. Bg2 O-O 6. O-O Nc6 7. Nbd2 h6 8.
Bxf6 Bxf6 9. c3 e5 10. e4 f4 11. gxf4 exf4 12. d4 d6 13. Ne1 Kh8 14. Nd3 g5 15.
Kh1 Bd7 16. Rg1 Bg7 17. Bf3 Ne7 18. Bg4 Bc6 19. Be6 Ng8 20. f3 Nf6 21. Qf1 Qe8
22. Qh3 Qh5 23. Qg2 Qh4 24. Qf2 Qh5 25. Rg2 d5 26. e5 Ne4 27. fxe4 dxe4 28. d5
Bxd5 29. Bxd5 exd3 30. Qf3 Qe8 31. Bxb7 Rb8 32. Re1 Qb5 33. Bd5 Rbd8 34. c4
Qxb2 35. e6 Rfe8 36. Qxd3 c6 37. e7 Rd7 38. Qg6 Rdxe7 39. Be4 1-0

[Event "XtraCon-Skakligaen"]
[Site "Denmark"]
[Date "2009.02.22"]
[Round "7.1"]
[White "Hansen, Sune Berg"]
[Black "Berg, Emanuel"]
[Result "1-0"]
[WhiteElo "2544"]
[BlackElo "2623"]
[PlyCount "131"]
[EventDate "2008.11.01"]
[EventType "team-tourn"]
[EventRounds "9"]
[EventCountry "DEN"]
[WhiteTeam "Helsingor"]
[BlackTeam "Helsinge"]
[WhiteTeamCountry "DEN"]
[BlackTeamCountry "DEN"]

1. d4 Nf6 2. c4 e6 3. Nc3 Bb4 4. e3 O-O 5. Bd3 d5 6. Nge2 c5 7. cxd5 cxd4 8.
exd4 Nxd5 9. Bc2 Re8 10. O-O Nc6 11. Qd3 g6 12. Rd1 Bf8 13. Qg3 Bd6 14. Qf3 Qf6
15. Be4 Qxf3 16. Bxf3 Nce7 17. Bg5 Kg7 18. Rac1 f6 19. Bd2 Rd8 20. Nxd5 Nxd5
21. Bxd5 exd5 22. Bf4 Bf5 23. Bxd6 Rxd6 24. f3 Re8 25. Kf2 Re7 26. Rc5 g5 27.
Nc3 Be6 28. Nb5 Rb6 29. Rd2 a6 30. Nc3 Rd6 31. Nd1 b6 32. Rc3 Bf5 33. Ne3 Bg6
34. b4 Kf7 35. a4 Rb7 36. Rd1 Ke7 37. Rdc1 Kd7 38. Rc8 Bd3 39. Rg8 Ke6 40. Rcc8
Rdd7 41. Rge8+ Kf7 42. Ke1 Bg6 43. Kd2 Rd6 44. g3 Rbd7 45. h4 gxh4 46. gxh4 Kg7
47. Rg8+ Kh6 48. Ke2 Kh5 49. Kf2 Re7 50. Ng2 Bf5 51. Rc1 Bd7 52. Nf4+ Kh6 53.
Rc7 Rc6 54. Rgc8 Rd6 55. Rb8 Kg7 56. Rbb7 Kf8 57. Ra7 a5 58. bxa5 bxa5 59. Nd3
Ke8 60. Nc5 Kd8 61. Rcb7 Ke8 62. Kg3 Rg7+ 63. Kf4 Re7 64. h5 Rf7 65. Ra8+ Ke7
66. Rxa5 1-0

[Event "XtraCon-Skakligaen"]
[Site "Denmark"]
[Date "2009.02.22"]
[Round "7.2"]
[White "Glud, Jakob Vang"]
[Black "Mortensen, Erling"]
[Result "1/2-1/2"]
[WhiteElo "2444"]
[BlackElo "2455"]
[PlyCount "83"]
[EventDate "2008.11.01"]
[EventType "team-tourn"]
[EventRounds "9"]
[EventCountry "DEN"]
[WhiteTeam "Helsinge"]
[BlackTeam "Helsingor"]
[WhiteTeamCountry "DEN"]
[BlackTeamCountry "DEN"]

1. c4 e5 2. g3 Nf6 3. Bg2 c6 4. d4 Bb4+ 5. Bd2 Bxd2+ 6. Qxd2 d6 7. Nc3 O-O 8.
e3 Be6 9. Rd1 Na6 10. b3 exd4 11. Qxd4 Qa5 12. Nge2 d5 13. cxd5 Nxd5 14. O-O
Nxc3 15. Qxc3 Qxc3 16. Nxc3 Rfd8 17. h3 Kf8 18. g4 f6 19. f4 Ke7 20. Kf2 Nb4
21. Be4 h6 22. a3 Na6 23. Bc2 Nc7 24. e4 b6 25. Ke3 c5 26. f5 Bf7 27. a4 Rxd1
28. Rxd1 Rd8 29. Rxd8 Kxd8 30. e5 Nd5+ 31. Nxd5 Bxd5 32. Kf4 Ke7 33. h4 a6 34.
g5 hxg5+ 35. hxg5 Kf7 36. e6+ Ke7 37. Kg4 b5 38. Kh5 c4 39. bxc4 Bxc4 40. axb5
axb5 41. Kg6 fxg5 42. Kxg5 1/2-1/2

[Event "XtraCon-Skakligaen"]
[Site "Denmark"]
[Date "2009.02.22"]
[Round "7.3"]
[White "Nielsen, Nicholas Roland"]
[Black "Hutters, Tomas"]
[Result "0-1"]
[WhiteElo "2146"]
[BlackElo "2413"]
[PlyCount "60"]
[EventDate "2008.11.01"]
[EventType "team-tourn"]
[EventRounds "9"]
[EventCountry "DEN"]
[WhiteTeam "Helsingor"]
[BlackTeam "Helsinge"]
[WhiteTeamCountry "DEN"]
[BlackTeamCountry "DEN"]

1. e4 c5 2. Nf3 d6 3. b3 Nc6 4. Bb2 e5 5. Bc4 g6 6. b4 cxb4 7. d4 Bg7 8. dxe5
Nge7 9. h4 h6 10. Nbd2 Nxe5 11. Nxe5 dxe5 12. Qf3 O-O 13. Qg3 Qc7 14. Bb3 a5
15. a4 bxa3 16. Rxa3 b5 17. Nf3 a4 18. O-O Bb7 19. Ba2 b4 20. Bxe5 Bxe5 21.
Nxe5 bxa3 22. Nxg6 Qxg3 23. Nxe7+ Kh8 24. fxg3 Bxe4 25. c4 Rae8 26. Nd5 Bxd5
27. cxd5 Re2 28. Ra1 Rfe8 29. Kf1 Rd2 30. Bc4 Re4 0-1

[Event "XtraCon-Skakligaen"]
[Site "Denmark"]
[Date "2009.02.22"]
[Round "7.4"]
[White "Bekker Jensen, Simon"]
[Black "Jorgensen, Michael"]
[Result "1-0"]
[WhiteElo "2410"]
[BlackElo "2186"]
[PlyCount "75"]
[EventDate "2008.11.01"]
[EventType "team-tourn"]
[EventRounds "9"]
[EventCountry "DEN"]
[WhiteTeam "Helsinge"]
[BlackTeam "Helsingor"]
[WhiteTeamCountry "DEN"]
[BlackTeamCountry "DEN"]

1. d4 f5 2. g3 Nf6 3. Bg2 g6 4. c4 Bg7 5. Nc3 d6 6. Nf3 O-O 7. O-O Qe8 8. d5
Na6 9. Nd4 Bd7 10. Rb1 c5 11. dxc6 bxc6 12. b4 Nxb4 13. Rxb4 c5 14. Rb1 cxd4
15. Bxa8 dxc3 16. Bd5+ Nxd5 17. Qxd5+ Kh8 18. Be3 Bc6 19. Qa5 Qf7 20. Qa6 Be4
21. Rb4 Qe6 22. c5 f4 23. Bd4 fxg3 24. hxg3 Bxd4 25. Rxd4 Rf5 26. Qc4 d5 27.
Qxc3 Rf6 28. Qe3 g5 29. Qxg5 Rh6 30. Rxe4 dxe4 31. Rd1 Rg6 32. Qf4 Kg7 33. Kg2
e3 34. Qxe3 Qc6+ 35. Kg1 h5 36. Qxe7+ Kh6 37. Qf8+ Kh7 38. Rd8 1-0

[Event "XtraCon-Skakligaen"]
[Site "Denmark"]
[Date "2009.02.22"]
[Round "7.5"]
[White "Larsen, Ole Bogh"]
[Black "Ziska, Helgi Dam"]
[Result "1/2-1/2"]
[WhiteElo "2274"]
[BlackElo "2408"]
[PlyCount "114"]
[EventDate "2008.11.01"]
[EventType "team-tourn"]
[EventRounds "9"]
[EventCountry "DEN"]
[WhiteTeam "Helsingor"]
[BlackTeam "Helsinge"]
[WhiteTeamCountry "DEN"]
[BlackTeamCountry "DEN"]

1. e4 c5 2. Nf3 d6 3. d4 cxd4 4. Nxd4 Nf6 5. Nc3 a6 6. Be2 e5 7. Nb3 Be7 8. O-O
O-O 9. a4 b6 10. Be3 Bb7 11. f3 Nbd7 12. Qd2 Rc8 13. Rfd1 Qc7 14. Nc1 Rfd8 15.
N1a2 d5 16. exd5 Nb8 17. Qe1 Nxd5 18. Nxd5 Rxd5 19. Rxd5 Bxd5 20. Nc3 Bb7 21.
Qf2 Nd7 22. Rd1 Bb4 23. Ne4 f5 24. c3 Be7 25. Bc4+ Kh8 26. Be6 Rd8 27. Bxf5 Nc5
28. Rxd8+ Qxd8 29. Nxc5 bxc5 30. Qd2 Bd6 31. Be4 Bxe4 32. fxe4 Qh4 33. Kf1 Be7
34. Qd7 g6 35. g3 Qf6+ 36. Kg2 h5 37. Qc8+ Qf8 38. Qxf8+ Bxf8 39. b3 Kg8 40.
Kf2 Kf7 41. h3 Ke6 42. Ke2 c4 43. b4 Be7 44. g4 hxg4 45. hxg4 Kd7 46. Ba7 Kc7
47. Kf3 Kb7 48. Bf2 Kc6 49. Ke2 Kd7 50. Kd1 Bg5 51. Bc5 Kc6 52. Bf8 Kd7 53. Kc2
Bf4 54. Bc5 Kc6 55. Bf2 Kc7 56. Bh4 Kd6 57. b5 axb5 1/2-1/2

[Event "XtraCon-Skakligaen"]
[Site "Denmark"]
[Date "2009.02.22"]
[Round "7.6"]
[White "Fries Nielsen, Niels Jorgen"]
[Black "Fagerstrom, Bjorn"]
[Result "1/2-1/2"]
[WhiteElo "2393"]
[BlackElo "2132"]
[PlyCount "43"]
[EventDate "2008.11.01"]
[EventType "team-tourn"]
[EventRounds "9"]
[EventCountry "DEN"]
[WhiteTeam "Helsinge"]
[BlackTeam "Helsingor"]
[WhiteTeamCountry "DEN"]
[BlackTeamCountry "DEN"]

1. d4 d5 2. Nf3 Nf6 3. e3 c6 4. Be2 Bg4 5. O-O e6 6. h3 Bh5 7. Ne5 Bxe2 8. Qxe2
Nbd7 9. Nd2 Be7 10. c3 O-O 11. Nxd7 Qxd7 12. e4 dxe4 13. Nxe4 Nxe4 14. Qxe4 Qd5
15. Re1 Rad8 16. Bf4 Bf6 17. Be5 Bxe5 18. Qxe5 Qxe5 19. Rxe5 Rd5 20. Rxd5 cxd5
21. Kf1 Rc8 22. Ke2 1/2-1/2

[Event "XtraCon-Skakligaen"]
[Site "Denmark"]
[Date "2009.02.22"]
[Round "7.7"]
[White "Dalsberg, Sandra de Blecourt"]
[Black "Andersson, Bjorn"]
[Result "0-1"]
[WhiteElo "2056"]
[BlackElo "2286"]
[PlyCount "92"]
[EventDate "2008.11.01"]
[EventType "team-tourn"]
[EventRounds "9"]
[EventCountry "DEN"]
[WhiteTeam "Helsingor"]
[BlackTeam "Helsinge"]
[WhiteTeamCountry "DEN"]
[BlackTeamCountry "DEN"]

1. d4 c5 2. d5 Nf6 3. c4 d6 4. Nc3 g6 5. e4 Bg7 6. Bd3 O-O 7. Nge2 Na6 8. a3
Nc7 9. O-O a6 10. a4 Bd7 11. a5 Rb8 12. Bg5 b5 13. axb6 Rxb6 14. Qd2 Ng4 15. h3
Ne5 16. Rab1 Bxh3 17. f4 Nxd3 18. gxh3 Nb4 19. f5 Qd7 20. Rf3 gxf5 21. exf5 Kh8
22. Rbf1 Ne8 23. Ne4 Rg8 24. Kh1 Be5 25. N2c3 f6 26. Bh6 Na2 27. Nd1 Qa4 28.
Qe2 Rb3 29. Rxb3 Qxb3 30. Rf3 Qb8 31. Nef2 Nb4 32. Ng4 Qc8 33. Nc3 Ng7 34. Nxe5
dxe5 35. Qf2 a5 36. Ne4 Nh5 37. Nxc5 Nc2 38. Qxc2 Qxc5 39. Be3 Qd6 40. Bf2 Nf4
41. b3 Qa3 42. Rg3 Qa1+ 43. Kh2 Qf1 44. Rxg8+ Kxg8 45. Bb6 Qxh3+ 46. Kg1 Qf3
0-1